[Event "DEM U14w 2021"]
[Site "Willingen GER"]
[Date "2021.08.24"]
[Round "3"]
[White "Sereda, Yaroslava"]
[Black "Voigt, Anastasia"]
[Result "1-0"]
[Termination "normal"]
[Board "2"]
[WhiteElo "1750"]
[BlackElo "1737"]
[WhiteClock "00:24:29"]
[BlackClock "00:26:38"]
[PlyCount "103"]
[WhiteFideId "14178940"]
[BlackFideId "16235223"]
[EventCountry "GER"]
[EventRounds "9"]
[EventType "swiss"]
[EventDate "2021.08.22"]

1. e4 {[%clk 01:30:57]} {[%emt 00:00:02]} e5 {[%clk 01:31:25]} {[%emt
00:00:05]} 2. Nf3 {[%clk 01:31:13]} {[%emt 00:00:14]} Nc6 {[%clk 01:31:49]}
{[%emt 00:00:06]} 3. Bb5 {[%clk 01:31:35]} {[%emt 00:00:09]} a6 {[%clk
01:32:11]} {[%emt 00:00:08]} 4. Ba4 {[%clk 01:31:58]} {[%emt 00:00:06]} Nf6
{[%clk 01:32:32]} {[%emt 00:00:08]} 5. d4 {[%clk 01:32:11]} {[%emt 00:00:18]}
exd4 {[%clk 01:32:44]} {[%emt 00:00:18]} 6. O-O {[%clk 01:32:24]} {[%emt
00:00:17]} Be7 {[%clk 01:32:46]} {[%emt 00:00:28]} 7. Re1 {[%clk 01:32:42]}
{[%emt 00:00:11]} b5 {[%clk 01:32:41]} {[%emt 00:00:35]} 8. e5 {[%clk
01:32:51]} {[%emt 00:00:22]} Nxe5 {[%clk 01:32:09]} {[%emt 00:01:02]} 9. Nxe5
{[%clk 01:33:05]} {[%emt 00:00:15]} bxa4 {[%clk 01:32:28]} {[%emt 00:00:11]}
10. Qxd4 {[%clk 01:33:28]} {[%emt 00:00:07]} O-O {[%clk 01:31:39]} {[%emt
00:01:20]} 11. Qxa4 {[%clk 01:33:48]} {[%emt 00:00:09]} Rb8 {[%clk 01:30:21]}
{[%emt 00:01:47]} 12. Nc3 {[%clk 01:30:18]} {[%emt 00:04:01]} Rb4 {[%clk
01:24:53]} {[%emt 00:05:58]} 13. Qa5 {[%clk 01:30:31]} {[%emt 00:00:18]} c6
{[%clk 01:14:53]} {[%emt 00:10:29]} 14. Qxd8 {[%clk 01:27:16]} {[%emt
00:03:45]} Bxd8 {[%clk 01:15:00]} {[%emt 00:00:23]} 15. Nd3 {[%clk 01:24:52]}
{[%emt 00:02:54]} Rb7 {[%clk 01:11:28]} {[%emt 00:03:57]} 16. Bf4 {[%clk
01:06:15]} {[%emt 00:19:12]} d5 {[%clk 01:05:55]} {[%emt 00:06:04]} 17. Bd6
{[%clk 01:00:46]} {[%emt 00:05:59]} Re8 {[%clk 01:03:06]} {[%emt 00:03:18]} 18.
Nb4 {[%clk 00:42:35]} {[%emt 00:18:42]} Rd7 {[%clk 00:57:14]} {[%emt 00:06:19]}
19. Bc5 {[%clk 00:41:29]} {[%emt 00:01:38]} Bb7 {[%clk 00:55:57]} {[%emt
00:01:47]} 20. Rxe8+ {[%clk 00:35:22]} {[%emt 00:06:37]} Nxe8 {[%clk 00:56:18]}
{[%emt 00:00:08]} 21. Ne2 {[%clk 00:32:51]} {[%emt 00:03:02]} a5 {[%clk
00:51:32]} {[%emt 00:05:16]} 22. Nd3 {[%clk 00:31:55]} {[%emt 00:01:27]} f6
{[%clk 00:50:22]} {[%emt 00:01:40]} 23. Nd4 {[%clk 00:31:26]} {[%emt 00:00:59]}
Bc7 {[%clk 00:41:12]} {[%emt 00:09:40]} 24. Ne6 {[%clk 00:27:24]} {[%emt
00:04:33]} Bd6 {[%clk 00:27:45]} {[%emt 00:13:56]} 25. Bb6 {[%clk 00:25:09]}
{[%emt 00:02:45]} Bc8 {[%clk 00:26:59]} {[%emt 00:01:12]} 26. Nec5 {[%clk
00:08:01]} {[%emt 00:17:42]} Bxc5 {[%clk 00:26:16]} {[%emt 00:01:13]} 27. Nxc5
{[%clk 00:08:25]} {[%emt 00:00:06]} Re7 {[%clk 00:26:34]} {[%emt 00:00:11]} 28.
Bxa5 {[%clk 00:05:58]} {[%emt 00:02:58]} Re2 {[%clk 00:26:07]} {[%emt
00:00:57]} 29. Re1 {[%clk 00:03:17]} {[%emt 00:03:11]} Rxc2 {[%clk 00:24:26]}
{[%emt 00:02:11]} 30. Bc3 {[%clk 00:02:39]} {[%emt 00:01:07]} Kf7 {[%clk
00:22:03]} {[%emt 00:02:54]} 31. Nd3 {[%clk 00:02:16]} {[%emt 00:00:53]} d4
{[%clk 00:03:57]} {[%emt 00:18:35]} 32. Nb4 {[%clk 00:02:02]} {[%emt 00:00:46]}
Rxc3 {[%clk 00:04:16]} {[%emt 00:00:09]} 33. bxc3 {[%clk 00:02:24]} {[%emt
00:00:07]} dxc3 {[%clk 00:04:03]} {[%emt 00:00:43]} 34. Nxc6 {[%clk 00:02:15]}
{[%emt 00:00:41]} Nd6 {[%clk 00:03:14]} {[%emt 00:01:18]} 35. Rc1 {[%clk
00:02:21]} {[%emt 00:00:24]} Bd7 {[%clk 00:02:16]} {[%emt 00:01:29]} 36. Rxc3
{[%clk 00:02:05]} {[%emt 00:00:46]} Ne4 {[%clk 00:02:04]} {[%emt 00:00:41]} 37.
Rc1 {[%clk 00:02:00]} {[%emt 00:00:35]} Ke6 {[%clk 00:01:58]} {[%emt 00:00:36]}
38. f3 {[%clk 00:01:55]} {[%emt 00:00:35]} Nd6 {[%clk 00:02:02]} {[%emt
00:00:26]} 39. Nb4 {[%clk 00:01:57]} {[%emt 00:00:28]} Nb5 {[%clk 00:02:07]}
{[%emt 00:00:24]} 40. Kf2 {[%clk 00:01:59]} {[%emt 00:00:29]} Ke5 {[%clk
00:01:03]} {[%emt 00:01:35]} 41. Ke3 {[%clk 00:00:56]} {[%emt 00:01:32]} g6
{[%clk 00:29:40]} {[%emt 00:01:53]} 42. a4 {[%clk 00:27:26]} {[%emt 00:04:01]}
Nd6 {[%clk 00:28:17]} {[%emt 00:01:52]} 43. Nd3+ {[%clk 00:27:07]} {[%emt
00:00:48]} Ke6 {[%clk 00:27:42]} {[%emt 00:01:05]} 44. Nc5+ {[%clk 00:27:20]}
{[%emt 00:00:18]} Ke7 {[%clk 00:27:56]} {[%emt 00:00:15]} 45. Nxd7 {[%clk
00:27:02]} {[%emt 00:00:49]} Kxd7 {[%clk 00:28:20]} {[%emt 00:00:06]} 46. a5
{[%clk 00:26:25]} {[%emt 00:01:08]} Nb5 {[%clk 00:28:00]} {[%emt 00:00:49]} 47.
Ke4 {[%clk 00:25:16]} {[%emt 00:01:39]} Kd6 {[%clk 00:26:44]} {[%emt 00:01:46]}
48. a6 {[%clk 00:25:09]} {[%emt 00:00:37]} Na7 {[%clk 00:26:37]} {[%emt
00:00:38]} 49. Rb1 {[%clk 00:24:50]} {[%emt 00:00:49]} Kc6 {[%clk 00:26:26]}
{[%emt 00:00:40]} 50. Rb7 {[%clk 00:24:54]} {[%emt 00:00:26]} Nc8 {[%clk
00:26:38]} {[%emt 00:00:18]} 51. Rxh7 {[%clk 00:24:29]} {[%emt 00:00:55]} Kb6
{[%clk 00:26:38]} {[%emt 00:00:30]} 52. a7 {[%emt 00:00:50]} 1-0

[Event "DEM U14w 2021"]
[Site "Willingen GER"]
[Date "2021.08.24"]
[Round "3"]
[White "Ulrich, Helena Irene"]
[Black "Trunz, Michelle"]
[Result "0-1"]
[Termination "normal"]
[Board "3"]
[WhiteElo "1540"]
[BlackElo "1714"]
[WhiteClock "00:03:51"]
[BlackClock "00:06:24"]
[PlyCount "102"]
[WhiteFideId "16256000"]
[BlackFideId "16227980"]
[EventCountry "GER"]
[EventRounds "9"]
[EventType "swiss"]
[EventDate "2021.08.22"]

1. e4 {[%clk 01:30:57]} {[%emt 00:00:02]} c5 {[%clk 01:30:53]} {[%emt
00:00:08]} 2. Nf3 {[%clk 01:31:19]} {[%emt 00:00:07]} d6 {[%clk 01:31:15]}
{[%emt 00:00:07]} 3. d4 {[%clk 01:31:42]} {[%emt 00:00:07]} cxd4 {[%clk
01:31:37]} {[%emt 00:00:09]} 4. Nxd4 {[%clk 01:32:06]} {[%emt 00:00:06]} Nf6
{[%clk 01:31:54]} {[%emt 00:00:13]} 5. Nc3 {[%clk 01:32:27]} {[%emt 00:00:08]}
a6 {[%clk 01:32:11]} {[%emt 00:00:14]} 6. h3 {[%clk 01:32:18]} Qc7 {[%clk
01:29:48]} {[%emt 00:03:30]} 7. g4 {[%clk 01:18:17]} b5 {[%clk 01:29:16]}
{[%emt 00:15:34]} 8. g5 {[%clk 01:02:35]} Nfd7 {[%clk 01:28:48]} {[%emt
00:17:12]} 9. Be3 {[%clk 00:50:48]} Bb7 {[%clk 01:26:59]} {[%emt 00:14:34]} 10.
Nd5 {[%clk 00:48:14]} Bxd5 {[%clk 01:26:15]} {[%emt 00:04:18]} 11. exd5 {[%clk
00:48:38]} g6 {[%clk 01:25:36]} {[%emt 00:01:16]} 12. Qd2 {[%clk 00:36:43]} Bg7
{[%clk 01:24:08]} {[%emt 00:14:23]} 13. f4 {[%clk 00:30:53]} Nc5 {[%clk
01:22:32]} {[%emt 00:08:26]} 14. O-O-O {[%clk 00:23:58]} O-O {[%clk 01:20:37]}
{[%emt 00:09:50]} 15. f5 {[%clk 00:19:16]} Nbd7 {[%clk 01:17:32]} {[%emt
00:08:47]} 16. Nc6 {[%clk 00:15:55]} Ne5 {[%clk 01:14:08]} {[%emt 00:07:45]}
17. fxg6 {[%clk 00:12:50]} fxg6 {[%clk 01:10:56]} {[%emt 00:07:18]} 18. Nxe5
{[%clk 00:10:22]} Bxe5 {[%clk 01:09:06]} {[%emt 00:05:17]} 19. Bg2 {[%clk
00:09:22]} b4 {[%clk 01:08:08]} {[%emt 00:02:58]} 20. Kb1 {[%clk 00:07:57]}
Rac8 {[%clk 01:04:06]} {[%emt 00:06:27]} 21. Bd4 {[%clk 00:04:35]} Bxd4 {[%clk
00:51:19]} {[%emt 00:17:10]} 22. Qxd4 {[%clk 00:04:54]} b3 {[%clk 00:46:32]}
{[%emt 00:05:27]} 23. Qc3 {[%clk 00:02:22]} bxc2+ {[%clk 00:42:28]} {[%emt
00:07:36]} 24. Qxc2 {[%clk 00:02:41]} Nd7 {[%clk 00:33:44]} {[%emt 00:09:24]}
25. Qxc7 {[%clk 00:01:41]} Rxc7 {[%clk 00:34:07]} {[%emt 00:01:38]} 26. Rhf1
{[%clk 00:01:47]} Rxf1 {[%clk 00:29:05]} {[%emt 00:05:56]} 27. Rxf1 {[%clk
00:02:00]} Ne5 {[%clk 00:27:43]} {[%emt 00:02:10]} 28. Rf4 {[%clk 00:01:20]}
Rc1+ {[%clk 00:24:15]} {[%emt 00:05:07]} 29. Kxc1 {[%clk 00:01:39]} Nd3+ {[%clk
00:24:34]} {[%emt 00:00:22]} 30. Kd2 {[%clk 00:01:43]} Nxf4 {[%clk 00:25:00]}
{[%emt 00:00:31]} 31. Bf1 {[%clk 00:01:37]} a5 {[%clk 00:23:25]} {[%emt
00:02:42]} 32. h4 {[%clk 00:01:15]} {[%emt 00:00:50]} Kf8 {[%clk 00:22:22]}
{[%emt 00:01:34]} 33. Kc3 {[%clk 00:00:42]} {[%emt 00:01:03]} Nxd5+ {[%clk
00:22:00]} {[%emt 00:00:52]} 34. Kd4 {[%clk 00:01:04]} {[%emt 00:00:07]} Nb6
{[%clk 00:21:10]} {[%emt 00:01:20]} 35. a3 {[%clk 00:00:52]} {[%emt 00:00:43]}
e5+ {[%clk 00:21:07]} {[%emt 00:00:32]} 36. Ke4 {[%clk 00:01:01]} {[%emt
00:00:22]} a4 {[%clk 00:18:47]} {[%emt 00:02:50]} 37. Bb5 {[%clk 00:00:54]}
{[%emt 00:00:37]} Ke7 {[%clk 00:18:22]} {[%emt 00:00:56]} 38. Bf1 {[%clk
00:01:12]} {[%emt 00:00:11]} Kd7 {[%clk 00:15:29]} {[%emt 00:03:23]} 39. Bh3+
{[%emt 00:00:15]} Kc6 {[%clk 00:13:20]} {[%emt 00:02:33]} 40. Be6 {[%clk
00:01:26]} {[%emt 00:00:35]} Nd7 {[%clk 00:09:37]} {[%emt 00:04:14]} 41. Bg8
{[%clk 00:27:11]} {[%emt 00:04:45]} Kc5 {[%emt 00:14:44]} 42. Bxh7 {[%clk
00:14:17]} {[%emt 00:12:52]} d5+ {[%clk 00:25:45]} {[%emt 00:00:41]} 43. Ke3
{[%clk 00:13:37]} {[%emt 00:01:09]} Nf8 {[%clk 00:22:27]} {[%emt 00:03:48]} 44.
Bg8 {[%clk 00:13:58]} {[%emt 00:00:10]} Kc4 {[%clk 00:21:42]} {[%emt 00:01:16]}
45. Bf7 {[%clk 00:12:51]} {[%emt 00:01:35]} e4 {[%clk 00:16:21]} {[%emt
00:05:51]} 46. Bg8 {[%clk 00:11:04]} {[%emt 00:02:17]} Nd7 {[%clk 00:14:17]}
{[%emt 00:02:35]} 47. Bf7 {[%clk 00:09:43]} {[%emt 00:01:50]} Ne5 {[%clk
00:13:33]} {[%emt 00:01:14]} 48. Be8 {[%clk 00:06:32]} {[%emt 00:03:41]} Nf3
{[%clk 00:08:49]} {[%emt 00:05:15]} 49. Bxa4 {[%clk 00:05:51]} {[%emt
00:01:11]} Nxh4 {[%clk 00:09:07]} {[%emt 00:00:12]} 50. Bc2 {[%clk 00:04:21]}
{[%emt 00:02:00]} Nf5+ {[%clk 00:06:20]} {[%emt 00:03:17]} 51. Ke2 {[%clk
00:03:51]} {[%emt 00:00:59]} Nd4+ {[%clk 00:06:24]} {[%emt 00:00:25]} 0-1

[Event "DEM U14w 2021"]
[Site "Willingen GER"]
[Date "2021.08.24"]
[Round "3"]
[White "Prinzen, Siri Marleen"]
[Black "Keymer, Cecilia"]
[Result "0-1"]
[Termination "normal"]
[Board "4"]
[WhiteElo "1626"]
[BlackElo "1612"]
[WhiteClock "00:13:12"]
[BlackClock "00:16:59"]
[PlyCount "98"]
[WhiteFideId "16265912"]
[BlackFideId "16233468"]
[EventCountry "GER"]
[EventRounds "9"]
[EventType "swiss"]
[EventDate "2021.08.22"]

1. d4 {[%clk 01:30:59]} d5 {[%clk 01:30:46]} {[%emt 00:00:14]} 2. Bf4 {[%clk
01:31:23]} {[%emt 00:00:06]} c5 {[%clk 01:30:14]} {[%emt 00:01:03]} 3. e3
{[%clk 01:31:43]} {[%emt 00:00:10]} cxd4 {[%clk 01:29:43]} {[%emt 00:01:01]} 4.
exd4 {[%clk 01:31:56]} {[%emt 00:00:17]} Nc6 {[%clk 01:28:40]} {[%emt
00:01:32]} 5. Nc3 {[%clk 01:29:31]} {[%emt 00:02:55]} a6 {[%clk 01:27:18]}
{[%emt 00:01:53]} 6. Nf3 {[%clk 01:26:23]} {[%emt 00:03:38]} Bf5 {[%clk
01:23:38]} {[%emt 00:04:10]} 7. Ne5 {[%clk 01:17:57]} {[%emt 00:08:56]} Nf6
{[%clk 01:18:54]} {[%emt 00:05:13]} 8. Nxc6 {[%clk 01:14:28]} {[%emt 00:04:00]}
bxc6 {[%clk 01:18:52]} {[%emt 00:00:33]} 9. Na4 {[%clk 01:11:29]} {[%emt
00:03:27]} e6 {[%clk 01:12:23]} {[%emt 00:06:59]} 10. c3 {[%clk 01:08:40]}
{[%emt 00:03:19]} Bd6 {[%clk 01:08:49]} {[%emt 00:04:05]} 11. Bxd6 {[%clk
01:05:19]} {[%emt 00:03:51]} Qxd6 {[%clk 01:09:06]} {[%emt 00:00:14]} 12. Nc5
{[%clk 01:05:27]} {[%emt 00:00:21]} a5 {[%clk 01:07:01]} {[%emt 00:02:35]} 13.
Bd3 {[%clk 00:56:49]} {[%emt 00:09:07]} Bxd3 {[%clk 01:03:18]} {[%emt
00:04:14]} 14. Qxd3 {[%clk 00:57:02]} {[%emt 00:00:17]} O-O {[%clk 01:00:38]}
{[%emt 00:03:10]} 15. O-O {[%clk 00:56:34]} {[%emt 00:00:58]} Nd7 {[%clk
00:53:55]} {[%emt 00:07:14]} 16. b4 {[%clk 00:53:02]} {[%emt 00:04:02]} Rfb8
{[%clk 00:49:42]} {[%emt 00:04:43]} 17. Rfb1 {[%clk 00:50:55]} {[%emt
00:02:36]} h6 {[%clk 00:36:16]} {[%emt 00:13:56]} 18. g3 {[%clk 00:45:11]}
{[%emt 00:06:13]} axb4 {[%clk 00:33:51]} {[%emt 00:02:56]} 19. cxb4 {[%clk
00:44:39]} {[%emt 00:01:02]} Nb6 {[%clk 00:31:42]} {[%emt 00:02:39]} 20. a4
{[%clk 00:39:39]} {[%emt 00:05:30]} Nc4 {[%clk 00:30:35]} {[%emt 00:01:37]} 21.
f4 {[%clk 00:35:44]} {[%emt 00:04:25]} g6 {[%clk 00:29:09]} {[%emt 00:01:56]}
22. Rb3 {[%clk 00:30:48]} {[%emt 00:05:25]} Rb6 {[%clk 00:25:54]} {[%emt
00:03:46]} 23. Rab1 {[%clk 00:28:09]} {[%emt 00:03:08]} Rab8 {[%clk 00:23:43]}
{[%emt 00:02:41]} 24. Qc3 {[%clk 00:23:30]} {[%emt 00:05:08]} Qe7 {[%clk
00:20:23]} {[%emt 00:03:50]} 25. b5 {[%clk 00:19:48]} {[%emt 00:04:12]} Qe8
{[%clk 00:19:08]} {[%emt 00:01:45]} 26. bxc6 {[%clk 00:17:30]} {[%emt
00:02:49]} Qxc6 {[%clk 00:19:19]} {[%emt 00:00:19]} 27. a5 {[%clk 00:15:50]}
{[%emt 00:02:09]} Rxb3 {[%clk 00:15:33]} {[%emt 00:04:16]} 28. Rxb3 {[%clk
00:16:19]} {[%emt 00:00:01]} Rxb3 {[%clk 00:15:14]} {[%emt 00:00:48]} 29. Nxb3
{[%clk 00:16:47]} {[%emt 00:00:03]} Qa4 {[%clk 00:14:04]} {[%emt 00:01:40]} 30.
Kg2 {[%clk 00:13:03]} {[%emt 00:04:13]} Qa3 {[%clk 00:11:44]} {[%emt 00:02:51]}
31. a6 {[%clk 00:11:23]} {[%emt 00:02:09]} Qxa6 {[%clk 00:11:13]} {[%emt
00:01:02]} 32. Nc5 {[%clk 00:11:17]} {[%emt 00:00:36]} Qa2+ {[%clk 00:10:41]}
{[%emt 00:01:02]} 33. Kh3 {[%clk 00:10:20]} {[%emt 00:01:26]} Qa3 {[%clk
00:09:36]} {[%emt 00:01:37]} 34. Qxa3 {[%clk 00:07:30]} {[%emt 00:03:20]} Nxa3
{[%clk 00:09:59]} {[%emt 00:00:06]} 35. Kg4 {[%clk 00:07:41]} {[%emt 00:00:18]}
Nc2 {[%clk 00:09:55]} {[%emt 00:00:35]} 36. Nb3 {[%clk 00:07:55]} {[%emt
00:00:17]} Kg7 {[%clk 00:09:07]} {[%emt 00:01:17]} 37. Kf3 {[%clk 00:08:02]}
{[%emt 00:00:23]} g5 {[%clk 00:08:14]} {[%emt 00:01:24]} 38. fxg5 {[%clk
00:04:44]} {[%emt 00:03:48]} hxg5 {[%clk 00:08:32]} {[%emt 00:00:13]} 39. g4
{[%clk 00:04:53]} {[%emt 00:00:20]} Kg6 {[%clk 00:07:57]} {[%emt 00:01:05]} 40.
Ke2 {[%clk 00:04:54]} {[%emt 00:00:27]} Kf6 {[%clk 00:04:30]} {[%emt 00:03:58]}
41. Kd2 {[%clk 00:00:39]} {[%emt 00:04:46]} Nb4 {[%clk 00:03:30]} {[%emt
00:01:30]} 42. Nc5 {[%clk 00:29:09]} {[%emt 00:02:00]} Nc6 {[%clk 00:30:48]}
{[%emt 00:03:11]} 43. Kd3 {[%clk 00:26:36]} {[%emt 00:03:03]} e5 {[%clk
00:27:23]} {[%emt 00:03:55]} 44. h3 {[%clk 00:21:20]} {[%emt 00:05:45]} Nxd4
{[%clk 00:24:18]} {[%emt 00:03:35]} 45. Ke3 {[%clk 00:19:47]} {[%emt 00:02:04]}
Ke7 {[%clk 00:22:07]} {[%emt 00:02:41]} 46. Nd3 {[%clk 00:19:28]} {[%emt
00:00:50]} Kd6 {[%clk 00:21:14]} {[%emt 00:01:22]} 47. Ne1 {[%clk 00:18:10]}
{[%emt 00:01:48]} f6 {[%clk 00:18:29]} {[%emt 00:03:16]} 48. Nd3 {[%clk
00:14:29]} {[%emt 00:04:11]} Ne6 {[%clk 00:17:42]} {[%emt 00:01:16]} 49. Nf2
{[%clk 00:13:12]} {[%emt 00:01:47]} Nf4 {[%clk 00:16:59]} {[%emt 00:01:14]} 0-1